| 000 | 01280aam a2200313 i 4500 | ||
|---|---|---|---|
| 001 | 768714001 | ||
| 003 | CO-MdFUSB | ||
| 005 | 20210916161702.0 | ||
| 007 | ta | ||
| 008 | 210916t1944 ag |||| |||| 00| 0 spa d | ||
| 020 | _a[No incluye ISBN] | ||
| 040 |
_bspa. _aCO-MdFUSB _cCO-MdFUSB _dCO-MdFUSBC _erda |
||
| 041 |
_aspa _heng |
||
| 082 | 0 | 4 |
_a355.22 _223 _bG8191f |
| 100 | 1 |
_aGregg, Richard B. (Bartlett) (1885-) _eautor |
|
| 240 | _aThe power of non-violence | ||
| 245 | 3 |
_aLa fuerza de la No-violencia _c/ Richard B. Gregg |
|
| 264 | 0 |
_aBuenos Aires, Argentina : _bLa Aurora, _c[1944] |
|
| 300 |
_a217 páginas _c; 20 cm |
||
| 336 |
_2rdacontent _atexto _btxt |
||
| 337 |
_2rdamedia _asin mediación _bn |
||
| 338 |
_2rdacarrier _avolumen _bnc |
||
| 505 | _aCasos modernos de resistencia no -violenta. -- Jiu-jitsu moral. -- Lo que sucede. -- Cómo utilizar la energía moral. -- ¿Cómo puede lograrse la no-violencia de las masas? -- ¿Cómo opera la resistencia no -violenta de las masas? --Un sustituto eficaz para las guerras. -- La no-violencia y el estado. -- La persuasión. -- De la necesidad de adiestramiento. -- El adiestramiento. | ||
| 563 | _aRústico | ||
| 653 | _aNo violencia | ||
| 653 | _aPacifismo | ||
| 942 | _cBK | ||
| 945 | _aJTF-925 | ||
| 999 |
_c39584 _d39584 |
||